| 000 | 00000nam##2200000za#4500 |
| 001 | 9.639300 |
| 003 | CaOODSP |
| 005 | 20210624222109 |
| 007 | cr ||||||||||| |
| 008 | 150407|2007||||xxc|||||o f|0| 0 fre|d |
| 040 | |aCaOODSP|bfre |
| 043 | |an-cn--- |
| 086 | 1 |aE95-2/7-2007F-PDF |
| 110 | 1 |aCanada. |bCommission mixte internationale. |
| 245 | 10|aDeuxième sommaire des questions névralgiques liées à la qualité de l'air dans la région transfrontalière : |h[ressource électronique]|brapport du Conseil consultatif international sur la qualité de l'air |
| 260 | |bCommission mixte internationale |cDécembre 2007. |
| 300 | |a39p.|bcartes en couleur |
| 500 | |aL'ISBN (1-894280-74-1) de l'édition imprimée a été incorrectement copié dans la version PDF. |
| 504 | |aBibliographie. |
| 590 | |a12-30-Supp|b2012-06-28 |
| 691 | 07|aGestion de l'environnement|2gcpds |
| 691 | 07|aPollution atmosphérique|2gcpds |
| 691 | 07|aQualité de l'air|2gcpds |
| 775 | 08|tSecond summary of critical air quality issues in the transboundary region : |w(CaOODSP)9.695157 |
| 856 | 40|ahttp://publications.gc.ca|qPDF|s3399 Ko|uhttps://publications.gc.ca/collections/collection_2011/ijc/E95-2-7-2007-fra.pdf |